Supervision essentials for psychodynamic psychotherapies : (Record no. 356326)
[ view plain ]
| 000 -LEADER | |
|---|---|
| fixed length control field | 00355nam a2200109Ia 4500 |
| 008 - FIXED-LENGTH DATA ELEMENTS--GENERAL INFORMATION | |
| fixed length control field | 180315s9999 xx 000 0 und d |
| 020 ## - INTERNATIONAL STANDARD BOOK NUMBER | |
| International Standard Book Number | 9781433821363 |
| 100 ## - MAIN ENTRY--PERSONAL NAME | |
| Personal name | Sarnat, Joan E. |
| 245 ## - TITLE STATEMENT | |
| Title | Supervision essentials for psychodynamic psychotherapies : |
| 260 ## - PUBLICATION, DISTRIBUTION, ETC. (IMPRINT) | |
| Place of publication, distribution, etc | Washington, D.C : |
| Name of publisher, distributor, etc | 2016 |
| Date of publication, distribution, etc | American Psychological Association |
| 300 ## - PHYSICAL DESCRIPTION | |
| Extent | xiii, 170 pages |
| Withdrawn status | Lost status | Damaged status | Home library | Current library | Shelving location | Date acquired | Source of acquisition | Total Checkouts | Total Renewals | Full call number | Barcode | Date last seen | Date checked out | Price effective from | Koha item type |
|---|---|---|---|---|---|---|---|---|---|---|---|---|---|---|---|
| College Library | College Library | Graduate Section | 03/15/2018 | Library Fund | 1 | 1 | RC 502 .Sa246 2016 | C21430 | 12/03/2020 | 11/24/2020 | 03/15/2018 | Books |